| 000 | 00468nam a2200133Ia 4500 | ||
|---|---|---|---|
| 008 | 250506s9999 xx 000 0 und d | ||
| 024 | _a15B-29-EL, 15B-30-EL, 15B-71-EL & 15B-145-EL | ||
| 082 | _a621.3815072 AHS | ||
| 100 | _aM. Ahsan Rashid, S. Faqahat Abbas, M. Asad Siddiqui & Samiullah | ||
| 245 | 0 | _aSynchronization of Generatiors For Load Management | |
| 260 |
_aKarachi: _bUIT, _c2015 |
||
| 600 | _aPower Engineering | ||
| 650 | _aBachelor of Engineering (BE) | ||
| 999 |
_c28537 _d28537 |
||